Restoration of images using artificial intelligence

Gespeichert in:
Bibliographische Detailangaben
1. Verfasser: Pylypenko, Anna (Verfasst von)
Weitere Verfasser: Nguyen Thu, Giang (Betreuung Doktorarbeit)
Format: Manuskript Buch
Sprache:Slowakisch
Englisch
Veröffentlicht: 2025
Schlagworte:
Online-Zugang:http://is.stuba.sk/zp/portal_zp.pl?podrobnosti=175350
Tags: Tag hinzufügen
Keine Tags, Fügen Sie das erste Tag hinzu!

MARC

LEADER 00000ntm a22000003a 4500
001 stuzp102826
003 SK-STU
005 20250614211510.7
007 ta
008 150427s2015----xo-----f-mn---000-0-slo-d
040 |a STU  |b slo 
041 0 |a eng 
100 1 |a Pylypenko, Anna  |u 070200  |4 aut  |U FIIT Fakulta informatiky a informačných technológií  |T FIIT Ústav informatiky, informačných systémov a softvérového inžinierstva  |X 120871  |U I200  |Y 179  |7 120871 
242 0 1 |a Reštaurovanie obrazov pomocou umelej inteligencie  |y slo 
245 1 0 |a Restoration of images using artificial intelligence 
260 |c 2025 
650 4 |a old photos  |2 eng 
650 4 |a noise / scratch reduction  |2 eng 
650 4 |a deep learning  |2 eng 
650 4 |a neural network  |2 eng 
650 4 |a image restoration  |2 eng 
650 4 |a hlboké učenie  |2 slo 
650 4 |a reštaurovanie obrazu  |2 slo 
650 4 |a neurónová sieť  |2 slo 
650 4 |a zníženie šumu/škrabancov  |2 slo 
650 4 |a staré fotografie  |2 slo 
700 1 |a Nguyen Thu, Giang  |u 070200  |k Z1  |4 ths  |U FIIT Fakulta informatiky a informačných technológií  |T FIIT Ústav informatiky, informačných systémov a softvérového inžinierstva  |X 90747  |U I200  |Y 179  |7 90747 
856 4 |u http://is.stuba.sk/zp/portal_zp.pl?podrobnosti=175350